Formas asociativas de producción en El Salvador: situación actual y perspectivas

Spremljeno u:
Bibliografski detalji
Glavni autor: Romero, Nelson
Format: Tekst
Izdano: s.l.: s.e.
Oznake: Dodaj oznaku
Bez oznaka, Budi prvi tko označuje ovaj zapis!

MARC

LEADER 00000 a a2200000 04500
001 23009
003
040
090 |a 158600  
100 |a Romero, Nelson  
245 |a Formas asociativas de producción en El Salvador: situación actual y perspectivas  
260 |a s.l.:   |b s.e.  
300 |a 15 p.  
999 |c 13040  |d 13040